<?xml version="1.0" encoding="UTF-8"?>
<record
    xmlns:xsi="http://www.w3.org/2001/XMLSchema-instance"
    xsi:schemaLocation="http://www.loc.gov/MARC21/slim http://www.loc.gov/standards/marcxml/schema/MARC21slim.xsd"
    xmlns="http://www.loc.gov/MARC21/slim">

  <leader>00467nam a22001577a 4500</leader>
  <controlfield tag="003">SGT</controlfield>
  <datafield tag="020" ind1=" " ind2=" ">
    <subfield code="a">9780486486185</subfield>
  </datafield>
  <datafield tag="082" ind1=" " ind2=" ">
    <subfield code="a">516.13,WIL</subfield>
  </datafield>
  <datafield tag="100" ind1=" " ind2=" ">
    <subfield code="a">WILLMORE,T.J.</subfield>
  </datafield>
  <datafield tag="245" ind1=" " ind2=" ">
    <subfield code="a">AN INTRODUCTION DIFFERENTIAL GEOMETRY</subfield>
  </datafield>
  <datafield tag="260" ind1=" " ind2=" ">
    <subfield code="a">NEW DELHI</subfield>
    <subfield code="b">OXFORD</subfield>
    <subfield code="c">2015</subfield>
  </datafield>
  <datafield tag="300" ind1=" " ind2=" ">
    <subfield code="a">317</subfield>
  </datafield>
  <datafield tag="650" ind1=" " ind2=" ">
    <subfield code="a">GEOMETRY</subfield>
  </datafield>
  <datafield tag="653" ind1=" " ind2=" ">
    <subfield code="a">THE THEORY OF SPACE CURVES,THE METRIC: LOCAL INTRINSIC PROPERTIES OF A SURFACE,TENSOR ALGEBRA ,TENSOR CALCULUS,RIEMANNIAN GEOMETRY</subfield>
  </datafield>
  <datafield tag="942" ind1=" " ind2=" ">
    <subfield code="2">ddc</subfield>
    <subfield code="c">FPS</subfield>
  </datafield>
  <datafield tag="952" ind1=" " ind2=" ">
    <subfield code="0">0</subfield>
    <subfield code="1">0</subfield>
    <subfield code="2">ddc</subfield>
    <subfield code="4">0</subfield>
    <subfield code="7">1</subfield>
    <subfield code="8">FS</subfield>
    <subfield code="a">SSSL</subfield>
    <subfield code="b">SSSL</subfield>
    <subfield code="c">REF</subfield>
    <subfield code="d">2016-07-07</subfield>
    <subfield code="e">AHUJA BOOK</subfield>
    <subfield code="g">335.00</subfield>
    <subfield code="i">SGTU</subfield>
    <subfield code="o">516,WIL</subfield>
    <subfield code="p">PS1472</subfield>
    <subfield code="r">2016-07-07 00:00:00</subfield>
    <subfield code="w">2016-03-03</subfield>
    <subfield code="y">FPS</subfield>
    <subfield code="k">6680</subfield>
  </datafield>
  <datafield tag="952" ind1=" " ind2=" ">
    <subfield code="0">0</subfield>
    <subfield code="1">0</subfield>
    <subfield code="2">ddc</subfield>
    <subfield code="4">0</subfield>
    <subfield code="7">1</subfield>
    <subfield code="8">FS</subfield>
    <subfield code="a">SSSL</subfield>
    <subfield code="b">SSSL</subfield>
    <subfield code="c">REF</subfield>
    <subfield code="d">2016-07-07</subfield>
    <subfield code="e">KRITI PRAKASHAN</subfield>
    <subfield code="g">0.00</subfield>
    <subfield code="i">SGTU</subfield>
    <subfield code="o">516,WIL</subfield>
    <subfield code="p">PS1438</subfield>
    <subfield code="r">2016-07-07 00:00:00</subfield>
    <subfield code="w">2015-12-02</subfield>
    <subfield code="y">FPS</subfield>
    <subfield code="k">3307</subfield>
  </datafield>
  <datafield tag="999" ind1=" " ind2=" ">
    <subfield code="c">9522</subfield>
    <subfield code="d">9522</subfield>
  </datafield>
</record>
